000
00279nam a2200121Ia 4500
008
190216s9999||||xx |||||||||||||| ||und||
100
_a
Chatergee .p.n
245
0
_a
Modern Algebra
260
_b
Rajhans Publications
_c
1997
300
_a
96
650
_a
Mathematics
942
_c
BK
999
_c
31282
_d
31282